000 00946nam a22002537a 4500
003 URS
005 20240712195334.0
008 240621t2019 ph ||||| |||| 00| 0 eng d
020 _a9789710743018
040 _aDLC
_beng
_cDLC
_dDLC
_dURS
_erda
082 _a899.211
_bT9181 2019
100 _aLizada, Miguel Antonio.
_4author
245 _a21st-Century Literature from the Philippines and the World /
_cM. Antonio Lizada, Roy Tristan B. Agustin, and Jose Mari B. Cuartero.
264 _aPhilippines :
_bVibal Group , Inc.,
_c[2019]
300 _axviii, 302 pages;
_c26 cm.
336 _2rdacontent
_atext
_btxt
337 _2rdamedia
_aunmediated
_bn
338 _2rdacarrier
_avolume
_bnc
504 _aIncludes bibliography glossary(pages 290-301) and index.
650 _a21st-Century Literature from the Philippines and the World.
700 _aAgustin, Roy Tristan B.
_eauthor
700 _aCuartero, Jose Mari B.
_eauthor
942 _2ddc
_cF
999 _c80653
_d80652